00353 a2200109 4500001000900000005001700009008004100026245006500067100001900132773007500151999001700226ART_948020260410161846.0260409a 10aBanca privada, deuda y capacidad negociadora de la periferia1 aDevlin, Robert0 tEl trimestre económicog- Vol. LI, Nº 203 (jul./set. 1984)wREV6933 c24587d24587